| 000 | 01222cab a2200253 4500 | ||
|---|---|---|---|
| 001 | ABS58793 | ||
| 008 | 090401t1998 xxu||||| |||| 00| 0 eng d | ||
| 035 | _a(Sirsi) u86548 | ||
| 041 | _aeng | ||
| 245 | _aTrustees of the Dennis Rye Pension Fund & another v Sheffield CC | ||
| 260 | _c1998 | ||
| 350 | _a0 | ||
| 490 |
_aWeekly Law Reports _v[1998] 1 WLR 840-853(14) |
||
| 520 | _aCA 31 July 1997. S served T with a repair notice requiring them to repair various premises to make them fit for human habitation. T carried out repairs and applied to S for improvement grants. Whilst these were initially approved, S refused to pay as the repair works were not up to the required standard. T brought proceedings for payment under private law. The district judge threw out this claim as the decision could only be heard through judicial review. "Held" Claim can be brought through private law. | ||
| 650 | _aIMPROVEMENT GRANTS | ||
| 650 | _aJUDICIAL REVIEW | ||
| 650 | _aPRIVATE LAW | ||
| 650 | _aREPAIR NOTICES | ||
| 650 | _aSTATUTORY DUTY | ||
| 650 | _aTRUSTEES OF THE DENNIS RYE PENSION FUND AND ANOTHER V SHEFFIELD CC | ||
| 690 | _aPROPERTY LAW AND PRACTICE-CASE LAW | ||
| 942 | _n0 | ||
| 948 | _c02/06/1998 | ||
| 999 |
_c54481 _d54481 |
||